Tourism and economic development / (Record no. 104855)

MARC details
000 -LEADER
fixed length control field 00571nam a22001937a 4500
005 - DATE AND TIME OF LATEST TRANSACTION
control field 20161130154146.0
010 ## - LCCN (DPL NO)
LC control number ENG-116709
020 ## - INTERNATIONAL STANDARD BOOK NUMBER
International Standard Book Number 9788184845372
Terms of availability 1050.00
035 ## - SYSTEM CONTROL NUMBER
System control number EN-100241
037 ## - SOURCE OF ACQUISITION
Source of stock number/acquisition DBAD/PUB
082 ## - DEWEY DECIMAL CLASSIFICATION NUMBER
Classification number 338.47910954
100 ## - MAIN ENTRY--PERSONAL NAME
Personal name Sen,Raj Kumar
245 ## - TITLE STATEMENT
Title Tourism and economic development /
Statement of responsibility, etc by Raj Kumar Sen
260 ## - PUBLICATION, DISTRIBUTION, ETC. (IMPRINT)
Place of publication, distribution, etc New Delhi
Name of publisher, distributor, etc Regal Publications
Date of publication, distribution, etc 2016
270 ## - ADDRESS
Address F-159, Rajouri Garden
City New Delhi
Postal code 110027
300 ## - PHYSICAL DESCRIPTION
Extent xii,236p.
Dimensions 23cm(Hb)
500 ## - GENERAL NOTE
General note Includes index
942 ## - ADDED ENTRY ELEMENTS (KOHA)
Source of classification or shelving scheme Dewey Decimal Classification
Item type English Books
Classification part 338.47910954
Call number suffix SEN
Holdings
Withdrawn status Lost status Not for loan Collection code Home library Current library Date acquired Source of acquisition Cost, normal purchase price Full call number Barcode Copy number Cost, replacement price Koha item type
    Not For Loan Non-fiction D.B.Act.Division Bawana 30/11/2016 DBAD/PUB 1050.00 338.47910954 TOU EN-100241 1 1050.00 English Books

© Delhi Public Library
Hit Counter
free hit counter